Journal article Open Access
Sokolinski, Eugenia
<?xml version='1.0' encoding='UTF-8'?>
<record xmlns="http://www.loc.gov/MARC21/slim">
<leader>00000nam##2200000uu#4500</leader>
<datafield tag="542" ind1=" " ind2=" ">
<subfield code="l">open</subfield>
</datafield>
<datafield tag="540" ind1=" " ind2=" ">
<subfield code="u">https://creativecommons.org/licenses/by/4.0/legalcode</subfield>
<subfield code="a">Creative Commons Attribution 4.0 International</subfield>
</datafield>
<datafield tag="980" ind1=" " ind2=" ">
<subfield code="a">publication</subfield>
<subfield code="b">article</subfield>
</datafield>
<datafield tag="520" ind1=" " ind2=" ">
<subfield code="a"><p>Conference Report: Comparative Oriental Manuscript Studies: Looking Back, Looking Ahead, Hamburg, 26 September 2016</p></subfield>
</datafield>
<controlfield tag="005">20190828112025.0</controlfield>
<datafield tag="024" ind1=" " ind2=" ">
<subfield code="a">10.25592/uhhfdm.355</subfield>
<subfield code="2">doi</subfield>
</datafield>
<datafield tag="909" ind1="C" ind2="4">
<subfield code="n">1-2</subfield>
<subfield code="c">85-86</subfield>
<subfield code="v">2</subfield>
<subfield code="p">Comparative Oriental Manuscript Studies Bulletin</subfield>
</datafield>
<datafield tag="260" ind1=" " ind2=" ">
<subfield code="c">2016-12-14</subfield>
</datafield>
<controlfield tag="001">355</controlfield>
<datafield tag="650" ind1="1" ind2="7">
<subfield code="a">cc-by</subfield>
<subfield code="2">opendefinition.org</subfield>
</datafield>
<datafield tag="909" ind1="C" ind2="O">
<subfield code="o">oai:fdr.uni-hamburg.de:355</subfield>
<subfield code="p">user-uhh</subfield>
</datafield>
<datafield tag="245" ind1=" " ind2=" ">
<subfield code="a">Conference Report: Comparative Oriental Manuscript Studies: Looking Back, Looking Ahead, Hamburg, 26 September 2016</subfield>
</datafield>
<datafield tag="773" ind1=" " ind2=" ">
<subfield code="a">10.25592/uhhfdm.354</subfield>
<subfield code="i">isVersionOf</subfield>
<subfield code="n">doi</subfield>
</datafield>
<datafield tag="856" ind1="4" ind2=" ">
<subfield code="s">207671</subfield>
<subfield code="u">https://www.fdr.uni-hamburg.de/record/355/files/bulletin2016-85-86.pdf</subfield>
<subfield code="z">md5:5a0fab46b9b14b76358c3da644fda2e5</subfield>
</datafield>
<datafield tag="100" ind1=" " ind2=" ">
<subfield code="a">Sokolinski, Eugenia</subfield>
</datafield>
<datafield tag="980" ind1=" " ind2=" ">
<subfield code="a">user-uhh</subfield>
</datafield>
</record>